| 000 | 01131cam a22002054a 4500 | ||
|---|---|---|---|
| 005 | 20250605163958.0 | ||
| 008 | 250528s ||||||||||||||||||||||||d | ||
| 035 | _a15530 | ||
| 020 | _a29166829 | ||
| 040 |
_aGR-AtMCL _bgre _dGR-AtMCL _eAACR2 |
||
| 245 | 1 | _aJuran on Leadership for Quality / An Executive Handbook | |
| 260 |
_bThe Free Press, _c1989 |
||
| 300 | _a378 | ||
| 505 | 0 | _aPreface, Acknowledgements, Quality: A Continuing Revolution, How to Think About Quality, Quality Improvement, Quality Planning, Quality Control, Strategic Quality Management, Operational Quality Management, The Work Force and Quality, Motivation for Quality, Training for Quality, Epilogue, Glossary, References, Index. | |
| 520 | _aPreface, Acknowledgements, Quality: A Continuing Revolution, How to Think About Quality, Quality Improvement, Quality Planning, Quality Control, Strategic Quality Management, Operational Quality Management, The Work Force and Quality, Motivation for Quality, Training for Quality, Epilogue, Glossary, References, Index. | ||
| 700 | 1 |
_aJuran J.M _91482 |
|
| 942 | _cBK | ||
| 999 |
_c1106 _d1106 |
||